| 000 | 00665nam a22002057a 4500 | ||
|---|---|---|---|
| 003 | 0 | ||
| 005 | 20241227162050.0 | ||
| 008 | 241227b xxu||||| |||| 00| 0 eng d | ||
| 020 | _a978-1-98467-958-1 | ||
| 050 |
_aG155 _b.T57 2023 |
||
| 110 | _a3G E-Learning | ||
| 245 |
_aApplied business tools and technology in tourism _c3G E-Learning |
||
| 250 | _a2nd edition | ||
| 260 |
_aNew York _b3G e-learning _c2023 |
||
| 300 |
_axii, 411 pages : _bcolored pictures and illustrations ; _c26cm. _ewith 1 DVD |
||
| 504 | _aIncludes bibliographical references and index. | ||
| 650 | _aBusiness tools--Tourism. | ||
| 650 | _aTechnology--Business. | ||
| 942 |
_2lcc _cBK |
||
| 999 |
_c366846 _d366846 |
||